[Event "EThessaloniki SSTH HALK-ch U16"]
[Site "Thessaloniki"]
[Date "2017.11.05"]
[Round "3.3"]
[White "Maglavas, Ioannis"]
[Black "Lagogianni, Niki Vasiliki"]
[Result "1/2-1/2"]
[WhiteElo "1038"]
[BlackElo "1057"]
[PlyCount "72"]
[EventDate "2017.10.01"]
[EventType "swiss"]
[EventRounds "6"]
[EventCountry "GRE"]
[SourceTitle "EXT 2024"]
[Source "ChessBase"]
[SourceDate "2023.10.10"]
[SourceVersion "1"]
[SourceVersionDate "2023.10.10"]
[SourceQuality "1"]

1. e4 c6 2. Nf3 Nf6 3. Nc3 d5 4. exd5 Nxd5 5. Bc4 Nxc3 6. bxc3 Bg4 7. Be2 e6 8. d3 Bd6 9. Be3 h6 10. h3 Bxf3 11. Bxf3 Qf6 12. Bd4 Be5 13. Bxe5 Qxe5+ 14. Kd2 Qg5+ 15. Ke1 Qc5 16. Qd2 Qe5+ 17. Kf1 Nd7 18. Rb1 Qc7 19. Ke2 0-0 20. Rhe1 Rab8 21. Kf1 Qa5 22. Ra1 Nb6 23. Reb1 Nd5 24. Rb3 Rfc8 25. Qe1 Nf6 26. a3 Nd7 27. d4 Nf6 28. Rab1 b6 29. c4 Qxe1+ 30. Kxe1 c5 31. dxc5 Rxc5 32. Be2 Rc7 33. a4 Rd8 34. Ra1 Rc5 35. Rba3 a5 36. Rb3 Rb8 1/2-1/2